Largest Cities in Europe Beginning with B on a Map - Statistics

General Stats
  • This quiz has been taken 311 times
  • The average score is 15 of 18
Answers on the Map
Answers color-coded by a green-red scale on the quiz's map according to % correct below.
 
Answer Stats
Answer % Correct
Berlin
100%
Barcelona
99%
Birmingham
98%
Budapest
98%
Brussels
97%
Bucharest
97%
Belfast
94%
Bratislava
92%
Belgrade
91%
Bordeaux
89%
Bilbao
84%
Bologna
84%
Bristol
83%
Bari
80%
Bremen
76%
Brno
74%
Bradford
50%
Bielefeld
46%
No matching quizzes found
Score Distribution
Percent of People with Each Score
Percentile by Number Answered
Your Score History
You have not taken this quiz